000 00532nam a2200217Ia 4500
003 OSt
005 20231006163759.0
008 210210b1894 xxu||||| |||| 00| 0 eng d
040 _cAL
041 _aeng
082 _a823/240
100 _aSHAKESPEARE (William)
_9136534
245 _aMidsummer nights dream
260 _aLondon
_bLongmans Green & Co
_c1894
650 _anights
_9136535
650 _aMidsummer
_9136536
650 _adream
_9136537
690 _aEnglish Drama
_9136538
906 _a013785
942 _2ddc
_cBK
999 _c132842
_d132842